000 00663nam a2200193Ia 4500
003 GCL
008 140319s9999 xx 000 0 ara d
040 _aGCL /
_cGCL
082 0 4 _a327.11
_bم ع
100 1 _aمركز البحوث والدراسات الكويتية
245 1 0 _aالعدوان العراقى على الكويت : الحقيقة و المأساه /
_cمركز البحوث والدراسات الكويتية
300 _a142 ص
490 _a
650 0 4 _aالكويت
650 0 4 _aالحدود الدولية
650 0 4 _aالكويت - تاريخ
650 0 4 _aالكويت - العلاقات الخارجية
942 _2ddc
_cBK
999 _c41666
_d41666